01239nam a2200313Ia 4500001001200000003000800012006001900020007001500039008004100054010001700095020001800112040002100130035002100151050002700172082002100199100001700220245011700237260005900354300001500413504005100428533015200479600003500631650003400666650003600700655002900736710001700765856012600782999001700908ebr10409234CaPaEBRm u cr cn|||||||||100514s2010 kyu sb 001 0beng d z 2010020663 z9780813125978 aCaPaEBRcCaPaEBR a(OCoLC)69717437314aML420.N694bP47 2010eb04a782.42092aB2221 aPen, Ronald.10aI wonder as I wanderh[electronic resource] :bthe life of John Jacob Niles /cRon Pen ; foreword by Rick Kogan. aLexington, Ky :bUniversity Press of Kentucky,cc2010. axv, 371 p. aIncludes bibliographical references and index. aElectronic reproduction.bPalo Alto, Calif. :cebrary,d2010.nAvailable via World Wide Web.nAccess may be limited to ebrary affiliated libraries.10aNiles, John Jacob,d1892-1980. 0aSingerszKentuckyvBiography. 0aComposerszKentuckyvBiography. 7aElectronic books.2local2 aebrary, Inc.40uhttp://site.ebrary.com/lib/rucke/Doc?id=10409234zAn electronic book accessible through the World Wide Web; click to view c80293d80293